|
|
|
|
| LEADER |
00000nab a2200000 a 4500 |
| 001 |
vtls000823273 |
| 003 |
SK-MaSNL |
| 005 |
20260302145905.0 |
| 008 |
140301c2002 xo 0 slo |
| 015 |
|
|
|a SNBRB2003/01-03157
|
| 035 |
|
|
|a CLN000174928
|
| 040 |
|
|
|a SNKBUCL
|b slo
|c SNKBUCL
|e AACR2
|
| 041 |
0 |
|
|a slo
|
| 044 |
|
|
|a xo
|c SK
|
| 080 |
|
|
|a 339.923.012.435(4)
|2 1997
|
| 100 |
1 |
|
|a Zverková, Soňa
|4 aut
|9 838554
|
| 245 |
1 |
0 |
|a Európsky jednotný trh: úspech alebo fraška?
|b pred desiatimi rokmi bol jeho vznik ospevovaný ...
|c Soňa Zverková
|
| 300 |
|
|
|b Fotogr.
|
| 650 |
0 |
7 |
|a integrácia európska
|x trh európsky spoločný
|2 snkbucl
|9 838555
|
| 650 |
0 |
7 |
|a trh európsky spoločný
|2 snkbucl
|9 838556
|
| 655 |
|
7 |
|a články z novín a časopisov
|2 snkbucl
|9 267496
|
| 773 |
0 |
|
|t Hospodárske noviny
|g Roč. 10, č. 250 (31.12.2002)
|x 1335-4701
|
| 773 |
0 |
|
|t [Príl.] Podniky a trhy
|g Č. 250 (2002), s. 10
|x 1335-4701
|
| 850 |
|
|
|a Slovenská národná knižnica v Martine
|
| 852 |
|
|
|a SNK
|b KIS3GCP
|
| 992 |
|
|
|a RBX
|
| 999 |
|
|
|c 1355945
|d 1357875
|